Centrum chorvátskej kultúry, Jarovce

Saved in:
Bibliographic Details
Main Author: Floreková, Katarína (Author)
Other Authors: Morgenstein, Peter (Thesis advisor)
Format: Manuscript Book
Language:Slovak
Published: 2025
Subjects:
Online Access:http://is.stuba.sk/zp/portal_zp.pl?podrobnosti=171656
Tags: Add Tag
No Tags, Be the first to tag this record!

MARC

LEADER 00000ntm a22000003a 4500
001 stuzp104284
003 SK-STU
005 20250614212857.1
007 ta
008 150427s2015----xo-----f-mn---000-0-slo-d
040 |a STU  |b slo 
041 0 |a slo 
100 1 |a Floreková, Katarína  |u 052120  |4 aut  |U FAD Fakulta architektúry a dizajnu  |T FAD Ústav ekologickej a experimentálnej architektúry  |X 117317  |U A2120  |Y 393  |7 117317 
242 0 1 |a Croatian Cultural Center, Jarovce  |y eng 
245 1 0 |a Centrum chorvátskej kultúry, Jarovce 
260 |c 2025 
650 4 |a cultural center  |2 eng 
650 4 |a community integration  |2 eng 
650 4 |a Jarovce  |2 eng 
650 4 |a integrácia komunít  |2 slo 
650 4 |a Jarovce  |2 slo 
650 4 |a kultúrne centrum  |2 slo 
700 1 |a Morgenstein, Peter  |u 052120  |k Z2  |4 ths  |U FAD Fakulta architektúry a dizajnu  |T FAD Ústav ekologickej a experimentálnej architektúry  |X 15965  |U A2120  |Y 393  |7 A000015965 
856 4 |u http://is.stuba.sk/zp/portal_zp.pl?podrobnosti=171656